| Tag |
First Indicator |
Second Indicator |
Subfields |
| LEADER |
00000cam a2200000 4500 |
| 001 |
in00000066148 |
| 005 |
20151008051250.0 |
| 008 |
720208s1965 nyu b 00000 eng u |
| 010 |
|
|
|a 65014793
|
| 035 |
|
|
|a (OCoLC)00236310
|
| 035 |
|
|
|9 AAG6850AM
|
| 040 |
|
|
|c WSU
|d TXA
|d UtOrBLW
|
| 049 |
|
|
|a TXAM
|c [451729]
|
| 050 |
|
0 |
|a HC281
|b .B818
|
| 092 |
|
|
|a 329.03
|b B825f
|
| 100 |
1 |
|
|a Braunthal, Gerard,
|d 1923-
|
| 245 |
1 |
4 |
|a The Federation of German Industry in politics.
|
| 264 |
|
1 |
|a Ithaca, N.Y. :
|b Cornell University Press,
|c [1965]
|
| 300 |
|
|
|a 389 pages
|
| 336 |
|
|
|a text
|b txt
|2 rdacontent
|
| 337 |
|
|
|a unmediated
|b n
|2 rdamedia
|
| 338 |
|
|
|a volume
|b nc
|2 rdacarrier
|
| 504 |
|
|
|a Bibliography: pages 365-380.
|
| 610 |
2 |
0 |
|a Bundesverband der Deutschen Industrie.
|
| 651 |
|
0 |
|a Germany (West)
|x Politics and government.
|
| 999 |
|
|
|a MARS
|
| 999 |
f |
f |
|s fde093aa-caf4-3406-93d7-7298ac4f6ceb
|i a3a3159b-149e-3545-adaf-cb19bf252ebe
|t 0
|
| 952 |
f |
f |
|p ric
|a Texas A&M University
|b Rellis Campus
|c Joint Library Facility
|d Remote Storage
|t 0
|e HC281 .B818
|h Library of Congress classification
|i unmediated -- volume
|m A14800683740
|
| 998 |
f |
f |
|a HC281 .B818
|t 0
|l Remote Storage
|